| 000 | 01639nab a22002657a 4500 | ||
|---|---|---|---|
| 999 |
_c5674 _d5674 |
||
| 003 | OSt | ||
| 005 | 20251227011002.0 | ||
| 008 | 190603e xxum|||| |||| 00| 0 spa d | ||
| 040 | _cPJ | ||
| 100 |
_91330 _aRivera, Julio César |
||
| 245 | 1 | 3 |
_aLa capacidad de los menores para disponer sobre su propio cuerpo / _cJulio César Rivera, Alejo M. Gascón. |
| 260 |
_cCiudad Autónoma de Buenos Aires : _aThomson Reuters La Ley, _b2025. |
||
| 300 | _ap. 21-36 | ||
| 500 | _aCita: TR LALEY AR/DOC/1786/2025 Publicado en: RCCyC 2025 (agosto). | ||
| 505 | _aSumario: I. Introducción.— II. La evolución del régimen de capacidad de los menores de edad: del Cód. Civil de 1869 al Cód. Civ. y Com. 2015.— III. La capacidad de los menores en el Cód. Civ. y Com.— IV. La capacidad de los menores con relación a la disposición de su propio cuerpo en el Cód. Civ. y Com.— V. Ley de Identidad de Género. Modificación por DNU.— VI. Jurisprudencia reciente sobre capacidad progresiva: del reconocimiento formal a la operatividad práctica.— VII. A modo de cierre. | ||
| 505 | _t¿Te interesa el texto completo? Solicitalo al correo: koha@justierradelfuego.gov.ar | ||
| 650 | 0 |
_91497 _aCODIGO CIVIL Y COMERCIAL |
|
| 650 | 0 |
_92741 _aDERECHOS DE LAS NIÑAS, NIÑOS Y ADOLESCENTES |
|
| 650 | 0 |
_94305 _aDERECHO A LA IDENTIDAD DE GÉNERO |
|
| 650 | 0 |
_95585 _aCONSENTIMIENTO |
|
| 650 | 0 |
_94418 _aTRATAMIENTO MÉDICO |
|
| 700 |
_96047 _aGascón, Alejo M. _ecoautor |
||
| 773 | 0 |
_02713 _93170 _dCiudad Autónoma de Buenos Aires : Thomson Reuters La Ley, 2015- _tRevista Código Civil y Comercial. Nº 4 - Agosto 2025 |
|
| 942 |
_2udc _cANA |
||